000 01701nam a22002417a 4500
005 20211026164457.0
008 211026b ||||| |||| 00| 0 eng d
020 _a9781529037968
040 _cAL
041 _aeng
082 _223
_a813.6
_bBALV
100 _aDavid Baldacci
_91880
245 _aVega Jane and the Rebels Revolt
260 _aUK
_bMacmillan Childrens Books
_c2021
300 _a369 p.
_bPB
_c19x13 cm.
365 _aBLCR-000062
_b₹360.00
_c
_d₹450.00
_e20%
_f04-10-2021
520 _apacked with monsters, excitement and danger, Vega Jane and the Rebels' Revolt is the third thrilling title in the fast-paced fantasy adventure series for children of 10+ by bestselling master storyteller David Baldacci. Illustrated in black and white throughout by Tomislav Tomic. Lied to her whole life, Vega Jane broke away from the only home she'd ever known in search of the truth. She has battled monsters, with her best friend Delph alongside her, only to arrive in a place that's even more dangerous. The people there are enslaved and don't even know it. It's time for Vega and Delph to take up the fight against a cunning new enemy - and their success or failure will decide the fate of the whole world. Vega Jane and the Rebels' Revolt (previously published as the The Width of the World) is the third instalment of Vega's search for the truth about her past, which started with Vega Jane and the Secrets of Sorcery and Vega Jane and the Maze of Monsters, now all in revised and re-illustrated editions.
650 _aJuvenile Fiction
_91881
650 _aAction & Adventure
_91882
700 _aBALDACCI (David)
_91883
700 _aTomic (Tomislav)
_91884
942 _2ddc
_cBK
999 _c216714
_d216714